El protestantismo ante la Biblia

Gespeichert in:
Bibliographische Detailangaben
1. Verfasser: Papiol, Remigio de (autor)
Format: Buch
Sprache:Spanisch
Veröffentlicht: San José Sagrado Corazón de Jesús 1918
San José Difusión 1918
Ausgabe:5a. ed
Schlagworte:
Tags: Tag hinzufügen
Keine Tags, Fügen Sie den ersten Tag hinzu!

MARC

LEADER 00000cam a2200000 a 4500
001 UCE5804
003 CL-VaPUC
008 150305e19180507cr |||||||||||||||||spa|d
082 0 4 |a 284.133  |b PAP  |2 21 
100 |a Papiol, Remigio de  |e autor  |9 578471 
245 1 3 |a El protestantismo ante la Biblia 
250 |a 5a. ed 
300 |a 244 p 
942 |c BK 
945 |d 20150305 12:52:00  |a arojas 
260 |a San José  |b Sagrado Corazón de Jesús  |c 1918 
260 |a San José  |b Difusión  |c 1918 
650 0 |a Protestantismo  |9 317293 
650 0 |a Biblia  |9 257603 
583 |a last modification  |c 20150305 12:52:00  |k Rodrigo Vera 
999 |c 358391  |d 358389 
952 |0 0  |1 0  |3 erb  |4 0  |6 284_133000000000000_PAP_1918_1918  |7 0  |8 P  |9 467071  |a BIBTEO  |b BIBTES  |c TEO_FTES  |i 5153093  |o 284.133 PAP 1918 1918  |p 5153093  |r 2024-01-18  |w 2019-11-23  |y BK  |z Catalogado en:20150305  |k ICR